Statistics for Guess the 2000s Song by a Lyric #1

Click here to take the quiz!

General Stats

  • This quiz has been taken 484 times
    (426 since last reset)
  • The average score is 8 of 20

Answer Stats

LyricsTitleArtist% Correct
"When the sun shines, we shine together. Told you I'll be here forever"UmbrellaRihanna
80%
"Don't cha wish your girlfriend was hot like me? Don't cha wish your girlfriend was a freak like me?"Don't ChaThe Pussycat Dolls (ft. Busta Rhymes)
74%
"Romeo, take me somewhere we can be alone. I'll be waiting, all there's left to do is run"Love StoryTaylor Swift
74%
"Here's the thing, we started out friends. It was cool, but it was all pretend"Since U Been GoneKelly Clarkson
66%
"This was never the way I planned, not my intention"I Kissed A GirlKaty Perry
49%
"And you fall, and you crawl, and you break, and you take, what you get, and you turn it into"ComplicatedAvril Lavigne
48%
"Your lipstick stains on the front lobe of my left side brains"Hey, Soul SisterTrain
46%
"My baby don't mess around 'cause she loves me so"Hey Ya!OutKast
40%
"I don't mind spendin' everyday, out on your corner in the pourin' rain"She Will Be LovedMaroon 5
38%
"It's like I've been awakened, every rule I had you break it"HaloBeyoncé
36%
"Summer has come and passed, the innocent can never last"Wake Me Up When September EndsGreen Day
34%
"If I could fall into the sky, do you think time would pass me by?"A Thousand MilesVanessa Carlton
32%
"Come up to meet you, tell you I'm sorry. You don't know how lovely you are"The ScientistColdplay
29%
"So I won't hesitate no more, no more. It cannot wait, I'm sure"I'm YoursJason Mraz
28%
"Where is the moment when we needed the most? You kick up the leaves, and the magic is lost"Bad DayDaniel Powter
24%
"No matter what I do, all I think about is you."DilemmaNelly (ft. Kelly Rowland)
24%
"It's not like you to say sorry. I was waiting on a different story"How You Remind MeNickelback
19%
"How can you see into my eyes like open doors? Leading you down, into my core"Bring Me to LifeEvanescence
18%
"When you're at the end of the road, and you lost all sense of control"21 GunsGreen Day
9%
"Touch me, take me to that other place. Teach me, I know I'm not a hopeless case"Beautiful DayU2
7%

Score Distribution

Percentile by Number Answered

Percent of People with Each Score

Your Score History

You have not taken this quiz since the last reset